| Tag |
First Indicator |
Second Indicator |
Subfields |
| LEADER |
00000cam a2200000 a 4500 |
| 001 |
in00000002767 |
| 008 |
990224s1998 mdua f000 0 eng d |
| 005 |
20230309222519.0 |
| 035 |
|
|
|a (OCoLC)40851369
|
| 035 |
|
|
|9 AJD9597AM
|
| 035 |
|
|
|a in00000002767
|
| 040 |
|
|
|a GPO
|c GPO
|d DLC
|d MvI
|d UtOrBLW
|
| 043 |
|
|
|a n-us---
|
| 049 |
|
|
|a UDOC
|a UDOC
|
| 049 |
|
|
|a WWW
|
| 074 |
|
|
|a 0475
|
| 074 |
|
|
|a 0475 (online)
|
| 086 |
0 |
|
|a HE 20.4002:P 69/3
|
| 110 |
1 |
|
|a United States.
|b Food and Drug Administration.
|
| 245 |
1 |
0 |
|a Food and Drug Administration Modernization Act of 1997 :
|b FDA plan for statutory compliance.
|
| 246 |
1 |
7 |
|a FDA plan for statutory compliance
|
| 246 |
1 |
4 |
|a FDAMA
|
| 264 |
|
1 |
|a [Rockville, Md.] :
|b FDA,
|c [1998]
|
| 300 |
|
|
|a vi, 71 pages :
|b illustrations ;
|c 28 cm.
|
| 336 |
|
|
|a text
|b txt
|2 rdacontent
|
| 337 |
|
|
|a unmediated
|b n
|2 rdamedia
|
| 338 |
|
|
|a volume
|b nc
|2 rdacarrier
|
| 500 |
|
|
|a Shipping list number: 99-0101-P.
|
| 530 |
|
|
|a Also available via Internet from the FDA web site.
|
| 610 |
1 |
0 |
|a United States.
|b Food and Drug Administration.
|
| 650 |
|
0 |
|a Public health laws
|z United States.
|
| 650 |
|
0 |
|a Drugs
|x Law and legislation
|z United States.
|
| 650 |
|
0 |
|a Cosmetics
|x Law and legislation
|z United States.
|
| 650 |
|
0 |
|a Food law and legislation
|z United States.
|
| 856 |
4 |
1 |
|u https://purl.fdlp.gov/GPO/LPS2386
|t 0
|
| 999 |
|
|
|a MARS
|
| 999 |
f |
f |
|i 92021407-6664-3d0d-8b87-ea4f886932be
|s 6c82f7d7-21fd-3cdc-9139-868463ce09e6
|t 0
|
| 952 |
f |
f |
|p normal
|a Texas A&M University
|b College Station
|c Sterling C. Evans Library
|d Evans: US Documents (Annex 5th floor)
|t 0
|e HE 20.4002:P 69/3
|h Superintendent of Documents classification
|i unmediated -- volume
|m A14824441885
|
| 952 |
f |
f |
|a Texas A&M University
|b College Station
|c Electronic Resources
|d Available Online
|t 0
|e HE 20.4002:P 69/3
|h Superintendent of Documents classification
|
| 998 |
f |
f |
|a HE 20.4002:P 69/3
|t 0
|l Evans: US Documents (Annex 5th floor)
|
| 998 |
f |
f |
|a HE 20.4002:P 69/3
|t 0
|l Available Online
|